000
00203nam a22000857a 4500
001
1243817
005
20251017120458.0
245
_a
PAPKİN GİZEMLİ ŞATO
_c
İDİL ÜNLÜ
260
_b
GENÇ TİMAŞ YAYINLARI
999
_c
1243817
_d
1243817